Comidas Tipicas por CCAA - ESPAÑA - 1 - Estadísticas

Estadísticas generales
  • Esta prueba ha sido intentada 78 veces
  • La puntuación promedio es 7 de 7
Estadísticas de respuestas
Pregunta Respuesta % Correcto
Producto tìpico de Castilla y Leon Morcilla y embutidos
98%
Plato típico de la Comuniad Valenciana paella
98%
Producto típico de Galicia Pulpo y percebes
98%
Producto típico de Catalunya Calçots
97%
Plato Típico del Pais Vasco Marmitako
95%
Producto típico de la Comunidad de Madrid Cocido y calamares
89%
Producto Tipico de Asturias Fabes
89%
No se encontraron pruebas coincidentes
Distribución de puntuación
Porcentaje de gente con cada puntuación
Porcentaje por número respondido
Historial de tus puntuaciones
No has intentado esta prueba.